000
00327nam a22001457a 4500
003
OSt
005
20221201145124.0
008
221201b |||||||| |||| 00| 0 eng d
020
_a
139780131364196
040
_c
HU
082
_2
13th
_a
160.
100
_a
Copi.M
_9
37321
245
_a
Introduction Logic
942
_2
ddc
_c
BOOKS
_n
0
999
_c
35747
_d
35747